| 000 | 00536nam a2200193Ia 4500 | ||
|---|---|---|---|
| 999 |
_c3554 _d3554 |
||
| 020 | _a0-7619-1440-4 | ||
| 082 | _a006.32 ABD-; | ||
| 100 | _aAbdi, Herve | ||
| 245 | 0 | _aNeural Networks | |
| 260 |
_aLondon _bSage Publications _c1999 |
||
| 300 | _aiv, 89p. | ||
| 440 | _aSage University paper series on quantitative applications in | ||
| 504 | _aIncludes bibliography | ||
| 650 | _aNeural Networks (Computer science) | ||
| 700 | _aValentin, Dominique | ||
| 700 | _aEdelman, Betty | ||
| 700 | _aLewis-Beck, Michael S. | ||
| 942 | _cBK | ||